000 00444nam a2200157 i 4500
001 86372
003 ES-MaACL
005 20230906175431.0
007 t|
008 041209s1960 sp ||||1| spa d
100 1 _aKeususan, Guillermo.
_967968
245 1 0 _aXénos
_b: (el que viene de fuera) /
_cGuillermo Keususan.
260 _a[Granada :
_bI.O.D.F.,
_c1960]
300 _a64 p. :
_bil. ;
_c25 cm.
852 _aES-MaACL
_j2019-F-12
_bR.46893
999 _c86372
_d86372